000
00420nam a2200145Ia 4500
008
090123s9999 xx 000 0 und d
082
_b
25630
245
_a
नागराज और नगीना
250
_a
0
260
_b
राज पॉकेट बुक्स
300
_a
63
630
_a
नागराज और नगीना
730
_a
नागराज और नगीना
942
_c
BOOK
999
_c
63701
_d
63701